000 01134nam a22002537a 4500
005 20170124102929.0
010 _aB-205235
020 _c700.00
_a8183900151
035 _aB-205235
037 _bCen Lib/Ret
040 _aDPL
_bHN
082 _a875
_bतेलुगु
245 _aतेलुगु साहित्य और संस्कृति /
_cसंपादक अमरसिंह वधान
246 _aTelugu sahitye aur sanskriti /
_bsanpadak Amarsingh Vadhan
260 _aदिल्ली
_bअभिषेक प्रकाशन
_c2006
270 _bदिल्ली
_a5824, जवाहर नगर (निकट शिव मंदिर), न्यू चंद्रावल
_e110007
300 _a442पृ.
_c22सेमी(सजिल्द)
650 _aतेलुगु साहित्य
_944439
650 _aतेलुगु संस्कृति
_944440
650 _aTelugu literature
_921425
650 _aTelugu culture
_944441
700 _aवधान, अमरसिंह
_944442
942 _2ddc
_cHN
_h875
_mतेलुगु
999 _c111770
_d111770